Statistics for Mortal Kombat 2 Character Quiz

Click here to take the quiz!

General Stats

  • This quiz has been taken 240 times
  • The average score is 11 of 14

Answer Stats

HintAnswer% Correct
FanKitana
87%
SpineSub-Zero
87%
ThunderRaiden
86%
SpearScorpion
85%
SoulShang Tsung
81%
SpitReptile
80%
KartwheelLiu Kang
74%
ArmsJax
73%
SaiMileena
72%
Triple DecapJohnny Cage
70%
BladesBaraka
67%
SpinKung Lao
67%
BossShao Kahn
63%
Sub BossKintaro
61%

Score Distribution

Percentile by Number Answered

Percent of People with Each Score

Your Score History

You have not taken this quiz